| 000 | 00345nam a2200145Ia 4500 | ||
|---|---|---|---|
| 008 | 230312s9999||||xx |||||||||||||| ||und|| | ||
| 020 | _a0-07-116309-3 | ||
| 082 |
_a621.388 _bHER-B |
||
| 100 | _aHerndon;Grob | ||
| 245 | 0 | _aBasic television and Video systems | |
| 260 |
_bImprint _aUK _c1995 |
||
| 300 | _a724 | ||
| 650 | _aMass com | ||
| 942 | _cBK | ||
| 999 |
_c1586 _d1586 |
||